00529nam a2200193Ia 4500003000900000008004100009020001800050040001600068080001600084100001700100245006700117260003800184300001300222650002300235650001900258650002000277650001900297700001900316IN-BaIIA211028s9999 xx 000 0 eng d a0-273-01060-3 cIIA Library a681.39bINT aAspinall, D. 0aIntroduction to microprocessorscD Aspinall and Erik L Dagless aLondonbPitman Publicationsc1977 av, 162p. aInformation theory aMicrocomputers aMicroprocessors aNASA thesaurus aDagless, E. L.